000 00601nam a2200205 i 4500
001 188302
003 ES-MaACL
005 20250629070312.0
008 180724s1958 ag |||| | spa d
080 _a821.134.2(83)-14"19"
100 1 _aNeruda, Pablo,
_d1904-1973
_985398
245 1 0 _aOdas elementales /
_cPablo Neruda.
260 _aBuenos Aires :
_bLosada,
_c[1958]
300 _a225 p. ;
_c18 cm.
490 1 _aBiblioteca contemporánea
830 0 0 _aBiblioteca contemporánea (Losada)
_9230032
852 _aES-MaACL
_jL-32133
942 _2udc
999 _c188302
_d188302